Statistics for 30 Most Spoken Languages

Click here to take the quiz!

General Stats

  • This quiz has been taken 158 times
  • The average score is 19 of 30

Answer Stats

Number of SpeakersLanguage% Correct
1,268,000,000English
98%
1,120,000,000Mandarin Chinese
98%
276,600,000French
97%
252,200,000Portuguese
97%
537,900,000Spanish
97%
274,000,000Arabic
96%
258,000,000Russian
93%
126,400,000Japanese
92%
637,300,000Hindi
91%
131,600,000German
90%
67,700,000Italian
85%
79,400,000Korean
84%
77,000,000Vietnamese
73%
60,700,000Thai
72%
265,200,000Bengali
70%
85,200,000Turkish
70%
170,600,000Urdu
70%
199,000,000Indonesian
61%
83,800,000Tamil
56%
98,500,000Swahili
52%
81,800,000Wu Chinese
50%
68,300,000Javanese
34%
95,300,000Marathi
29%
93,000,000Telugu
29%
72,700,000Hausa
19%
56,500,000Kannada
19%
60,700,00Gujarati
16%
67,800,000Egyptian Arabic
12%
84,900,000Yue Chinese
4%
82,800,000Western Punjabi
3%

Score Distribution

Percentile by Number Answered

Percent of People with Each Score

Your Score History

You have not taken this quiz